Dôležitý sused Slovenska
Stručná geografická charakteristika Poľska. Územné členenie. Obyvateľstvo. Politické zmeny po roku 1989. Poľsko-slovenské kontakty. Zahraničná politika. Hospodárska situácia. Prehľad makroekonomických ukazovateľov poľskej ekonomiky. Zahraničný obchod. Špecifiká poľskej poľnohospodárskej produkcie. C...
Gespeichert in:
| 1. Verfasser: | |
|---|---|
| Format: | Buchkapitel |
| Sprache: | Slowakisch |
| Schlagworte: | |
| Tags: |
Keine Tags, Fügen Sie das erste Tag hinzu!
|
MARC
| LEADER | 00000naa a2200000 4500 | ||
|---|---|---|---|
| 001 | r046955 | ||
| 005 | 20230920080908.4 | ||
| 041 | 0 | |a slo | |
| 044 | |a SK | ||
| 245 | 1 | 0 | |a Dôležitý sused Slovenska |c Alexander Sotník |
| 520 | |a Stručná geografická charakteristika Poľska. Územné členenie. Obyvateľstvo. Politické zmeny po roku 1989. Poľsko-slovenské kontakty. Zahraničná politika. Hospodárska situácia. Prehľad makroekonomických ukazovateľov poľskej ekonomiky. Zahraničný obchod. Špecifiká poľskej poľnohospodárskej produkcie. Cezhraničná spolupráca. Prístavy a doprava v Poľsku. | ||
| 610 | 2 | 0 | |a situácia hospodárska |
| 610 | 2 | 0 | |a Poľsko |
| 610 | 2 | 0 | |a geografia |
| 610 | 2 | 0 | |a demografia |
| 610 | 2 | 0 | |a ukazovatele makroekonomické |
| 610 | 2 | 0 | |a poľnohospodárstvo |
| 610 | 2 | 0 | |a doprava |
| 610 | 2 | 0 | |a prístavy |
| 610 | 2 | 0 | |a obchod zahraničný |
| 100 | 1 | |a Sotník, Alexander | |